Statistics for Death Grips Typing Challenge

Click here to take the quiz!

General Stats

  • This quiz has been taken 332 times
  • The average score is 16 of 24

Answer Stats

Title% Correct
you
100%
think
91%
might
90%
he
88%
loves
88%
you
88%
for
85%
your
84%
but
79%
money
78%
i
77%
know
75%
what
71%
he
70%
really
65%
loves
62%
you
61%
for
58%
it's
55%
your
52%
leopard
24%
skin
21%
hat
16%
pillbox
16%

Score Distribution

Percentile by Number Answered

Percent of People with Each Score

Your Score History

You have not taken this quiz